| 000 | 00857nam a2200241Ia 4500 | ||
|---|---|---|---|
| 001 | 8882 | ||
| 003 | GE_BSU | ||
| 008 | 181216s||||||||xx |||||||||||||| ||und|| | ||
| 040 | _cGE_BSU | ||
| 080 | _a821.353.1–1 | ||
| 100 | _aკალაძე,კარლო | ||
| 245 | _aხერთვისის განთიადები;ლექსები | ||
| 245 | _bსამშობლოსადმი | ||
| 245 | _cრედ.ბ.ჟღენტი;მხატვ.ლ. გრიგოლია,ლ.ქუთათელაძე | ||
| 260 | _aთბილისი | ||
| 260 | _bფედერაცია | ||
| 260 | _c1937 | ||
| 300 | _a79გვ.21სმ. | ||
| 653 | _aლექსები | ||
| 653 | _aსამშობლოსადმი | ||
| 653 | _aხერთვისის განთიადები | ||
| 942 | _cBK | ||
| 999 |
_c42189 _d42189 |
||